000 01634nam a2200229 4500
005 20250329145557.0
008 250329b |||||||| |||| 00| 0 eng d
020 _a9783031215391
037 _cTextual
040 _aRTL
_cRTL
084 _aY:3(NA) R3
_qRTL
100 _aBhambra, Gurminder K.
_9324486
245 _aRethinking modernity : postcolonialism and the sociological imagination
250 _a2nd
260 _aUK
_bPalgrave Macmillan
_c2023
300 _axli, 257p.
_bIncludes bibliographical references, notes and index
520 _aRethinking Modernity presents a fundamental reconstruction of the idea of modernity in contemporary sociology and social theory. It criticizes the abstraction of European modernity from its colonial context as well as the way in which the experiences of non-Western 'others' are regarded as having no contribution to make to such understandings. In challenging the dominant, Eurocentred accounts of the emergence and development of modernity, Gurminder Bhambra presents an argument for the recognition of 'connected histories' in the reconstruction of historical sociology at a global level. She addresses three supposedly 'founding moments' in the narrative of modernity - the Renaissance, the French Revolution, and the Industrial Revolutions - in order to identity myths of origin which remain embedded in dominant accounts of modernity, whether of modernization theory or multiple modernities. Book jacket."--Jacket
650 _aPostcolonialism
_932352
650 _aSociology
650 _aHistoriography
942 _2CC
_n0
_cTB
_hY:3(NA) R3
999 _c1308297
_d1308297